Độ ẩm đất với cây trồng

Wedi'i Gadw mewn:
Manylion Llyfryddiaeth
Prif Awdur: Chu, Thị Thơm
Fformat: Llyfr
Iaith:Undetermined
Cyhoeddwyd: Hà Nội Lao động 2006
Pynciau:
Tagiau: Ychwanegu Tag
Dim Tagiau, Byddwch y cyntaf i dagio'r cofnod hwn!
Thư viện lưu trữ: Trung tâm Học liệu Trường Đại học Cần Thơ
LEADER 00581nam a2200193Ia 4500
001 CTU_104165
008 210402s9999 xx 000 0 und d
020 |c 14000 
082 |a 631.45 
082 |b Th463 
100 |a Chu, Thị Thơm 
245 0 |a Độ ẩm đất với cây trồng 
245 0 |c Chu Thị Thơm, Phan Thị Lài, Nguyễn Văn Tó 
260 |a Hà Nội 
260 |b Lao động 
260 |c 2006 
650 |a Plant-water relationships,Soil moisture 
904 |i Minh 
980 |a Trung tâm Học liệu Trường Đại học Cần Thơ